000
00257nam a2200109Ia 4500
001
1272428
005
20260417151428.0
008
260417s9999 xx 000 0 und d
020
_a
9786255929839
245
0
_a
Safira
_c
Fatma Tülin
260
_b
Ketebe Genç
999
_c
1272428
_d
1272428